| 000 | 00776nam a2200241Ia 4500 | ||
|---|---|---|---|
| 003 | OSt | ||
| 005 | 20220918202502.0 | ||
| 006 | a|||||r|||| 00| 0 | ||
| 007 | ta | ||
| 008 | 220917b |||||||| |||| 00| 0 eng d | ||
| 024 | _a101,585 | ||
| 037 | _cTextual | ||
| 040 |
_aARTS _cARTS _beng |
||
| 041 |
_2eng _aeng |
||
| 082 | _aV213,8:3.N67<-N66r, L5 | ||
| 110 |
_aKarnataka generalk administartion. Department _9103997 |
||
| 245 | 0 | _aAdministration report of the new state of Mysore (now Karanataka) for the year 1966-67 | |
| 260 |
_aBangalore _bGovernment Of karanataka _c1975 |
||
| 650 | _aHISTORY | ||
| 700 |
_aKarnataka generalk administartion. Department _9103998 |
||
| 942 |
_hV213,8:3.N67<-N66r, L5 _cTEXL _2CC |
||
| 999 |
_c225066 _d225066 |
||